Etica a Nicómaco

Gespeichert in:
Bibliographische Detailangaben
1. Verfasser: Aristóteles, 384 a.C.- 322 a.C (VerfasserIn)
Weitere Verfasser: Martínez Manzano, Teresa (prologo), Pallí Bonet, Julio (traductor)
Format: Buch
Sprache:Spanisch
Veröffentlicht: Barcelona, España Gredos S. A 2018
Ausgabe:3a. ed
Schriftenreihe:Biblioteca Clásica Gredos,
Schlagworte:
Tags: Tag hinzufügen
Keine Tags, Fügen Sie den ersten Tag hinzu!

MARC

LEADER 00000cam a2200000 a 4500
001 UCC4227
003 CL-VaPUC
005 20241127085258.0
008 180720e20180000sp |||||||||||||||||spa|d
999 |c 371780  |d 371778 
020 |a 9788424926366 
040 |c Pontificia Universidad Católica de Valparaíso 
082 0 4 |a 185 ARI 2018  |2 21 
100 |a Aristóteles,  |d 384 a.C.- 322 a.C.  |e author  |9 194 
245 1 0 |a Etica a Nicómaco 
250 |a 3a. ed 
260 |a Barcelona, España   |b Gredos S. A  |c 2018 
300 |a 314 páginas  
440 |a Biblioteca Clásica Gredos,   |n  89  |9 857293 
583 |a last modification  |c 20180720 14:27:00  |k Rodrigo Vera 
650 0 |a Filosofía   |9 223554  |x Etica  |x Moral 
700 |a Martínez Manzano, Teresa   |e prologo   |9 857294 
700 |a Pallí Bonet, Julio  |e traductor   |9 857295 
942 |c BK  |2 ddc 
945 |d 20180720 14:27:00  |a dcastane 
952 |0 0  |1 0  |2 ddc  |3 erb  |4 0  |6 185_000000000000000_ARI_2018  |7 0  |8 R  |9 488970  |a BIBEDU  |b BIBEDU  |c MCIRC  |i 5482429  |l 1  |o 185 ARI 2018  |p 5482429  |r 2025-04-14  |s 2025-04-10  |w 2019-11-24  |y BK_R  |z Catalogado en:20180720  |k FIL 
952 |0 0  |1 0  |2 ddc  |3 erb  |4 0  |6 185_000000000000000_ARI_2018  |7 0  |8 R  |9 488971  |a BIBEDU  |b BIBEDU  |c MCIRC  |i 5482410  |l 2  |o 185 ARI 2018  |p 5482410  |r 2024-06-25  |s 2024-06-25  |w 2019-11-24  |y BK_R  |z Catalogado en:20180720  |k FIL 
952 |0 0  |1 0  |2 ddc  |3 erb  |4 0  |6 185_000000000000000_ARI_2018  |7 0  |8 R  |9 488972  |a BIBEDU  |b BIBEDU  |c MCIRC  |d 2019-08-07  |e 39  |g 18200.00  |i 5557364  |l 7  |o 185 ARI 2018  |p 5557364  |r 2025-04-14  |s 2025-04-10  |v 18200.00  |w 2019-11-24  |y BK_R  |z Catalogado en:20190809  |k FIL 
952 |0 0  |1 0  |2 ddc  |3 erb  |4 0  |6 185_000000000000000_ARI_2018  |7 0  |8 R  |9 488973  |a BIBEDU  |b BIBEDU  |c MCIRC  |d 2019-08-07  |e 39  |g 18200.00  |i 5557372  |l 3  |o 185 ARI 2018  |p 5557372  |r 2023-07-06  |s 2023-07-01  |v 18200.00  |w 2019-11-24  |y BK_R  |z Catalogado en:20190809  |k FIL